000 00290nam a22001337a 4500
008 170622b xxu||||| |||| 00| 0 eng d
020 _a9780198207344
041 _aeng
080 _a94(4)
100 _a16
101 _aSHH
245 _aTHE DUTCH REPUBLIC
_cISRAEL,J.I
942 _2udc
_cBK
999 _c18645
_d18645